Language families of Africa with a map - Statistics

General Stats
  • This quiz has been taken 641 times
    580 since last reset
  • The average score is 8 of 33
Answers on the Map
Answers color-coded by a green-red scale on the quiz's map according to % correct below.
 
Answer Stats
Answer % Correct
Afroasiatic
93%
Indo-European
75%
Austronesian
73%
Nilotic
54%
Atlantic-Congo
49%
Saharan
45%
Mande
40%
Khoe-Kwadi
38%
Nubian
38%
Tuu
29%
Songhay
28%
Ijoid
25%
Kx'a
20%
Dogon
18%
Furan
18%
Central Sudanic
16%
Kru
15%
Dajuic
12%
Gumuz
11%
Maban
10%
Kadugli-Krongo
9%
Nyimang
9%
Rashad
9%
Eastern Jebel
8%
Surmic
8%
Tamaic
8%
Heibanic
7%
Katla-Tima
7%
Koman
7%
Kuliak
7%
Narrow Talodi
7%
Temeinic
4%
Kresh-Aja
3%
No matching quizzes found
Score Distribution
Percent of People with Each Score
Percentile by Number Answered
Your Score History
You have not taken this quiz since the last reset